Innovations in Education/ (Record no. 188366)

MARC details
000 -LEADER
fixed length control field 00696nam a22002057a 4500
005 - DATE AND TIME OF LATEST TRANSACTION
control field 20220519155737.0
010 ## - LCCN (DPL NO)
LC control number ENG-132714
020 ## - INTERNATIONAL STANDARD BOOK NUMBER
International Standard Book Number 9789389740806
Terms of availability 450.00
035 ## - SYSTEM CONTROL NUMBER
System control number EN-116246
037 ## - SOURCE OF ACQUISITION
Source of stock number/acquisition DBAD/PUB
082 ## - DEWEY DECIMAL CLASSIFICATION NUMBER
Classification number 371.33
100 ## - MAIN ENTRY--PERSONAL NAME
Personal name Illam, Jayan Erancheri
245 ## - TITLE STATEMENT
Title Innovations in Education/
Statement of responsibility, etc Jayan Erancheri Illam, Saritha Namboodiri and Bhavya P.V.
260 ## - PUBLICATION, DISTRIBUTION, ETC. (IMPRINT)
Place of publication, distribution, etc New Delhi
Name of publisher, distributor, etc Neelkamal Publications Pvt. Ltd
Date of publication, distribution, etc 2021
270 ## - ADDRESS
Address # 4764/1, 23, Ansari Road, Daryaganj
City New Delhi
Postal code 110002
Electronic mail address neelkamalbooks@gmail.com
300 ## - PHYSICAL DESCRIPTION
Extent xiv, 137p.
Other physical details Index
Dimensions 25cm(hbk)
700 ## - ADDED ENTRY--PERSONAL NAME
Personal name Namboodiri, Saritha
700 ## - ADDED ENTRY--PERSONAL NAME
Personal name P.V., Bhavya
942 ## - ADDED ENTRY ELEMENTS (KOHA)
Source of classification or shelving scheme Dewey Decimal Classification
Item type English Books
Classification part 371.33
Call number suffix ILL
Holdings
Withdrawn status Lost status Not for loan Collection code Home library Current library Date acquired Source of acquisition Cost, normal purchase price Full call number Barcode Copy number Cost, replacement price Koha item type
      Fiction Ashok Vihar Ashok Vihar 19/05/2022 DBAD/PUB 450.00 371.33 ILL EN-116246 1 450.00 English Books

© Delhi Public Library
Hit Counter
free hit counter